The fish bowl / (Registro nro. 30560)
[ vista simple ]
| 000 -CABECERA | |
|---|---|
| campo de control de longitud fija | 00812nam a22002177a 4500 |
| 008 - CÓDIGOS DE INFORMACIÓN DE LONGITUD FIJA | |
| fixed length control field | 240212t2002 ch a br 000 1 spa d |
| 020 ## - NÚMERO INTERNACIONAL NORMALIZADO PARA LIBROS | |
| ISBN | 9781863747615 |
| 037 ## - SOURCE OF ACQUISITION | |
| Materials specified | Donación |
| 040 ## - Fuente de catalogación | |
| Agencia original de catalogación | CO-JMCR |
| Agencia de transcripción | CO-JMCR |
| Agencia de modificación | CO-JMCR |
| Convenciones de descripción | rda |
| Lenguaje de catalogación | spa |
| 041 0# - CÓDIGO DE LENGUA | |
| Código idioma | eng |
| 082 ## - NÚMERO DE LA CLASIFICACIÓN DECIMAL DEWEY | |
| Número de clasificación Decimal | A |
| Número de documento (Cutter) | CROt |
| 100 1# - PUNTO DE ACCESO PRINCIPAL-NOMBRE DE PERSONA | |
| 9 (RLIN) | 42924 |
| Nombre personal | Croser, Josephine, |
| Fechas asociadas al nombre | 1943- |
| Término de función/relación | autor |
| 245 14 - TÍTULO PROPIAMENTE DICHO | |
| Título | The fish bowl / |
| Mención de responsabilidad, etc. | Josephine Croser ; fotografías de Nigel Croser |
| 264 ## - PRODUCCION, PUBLICACION, DISTRIBUCION, COPYRIGHT | |
| Lugar de producción, publicación, distribución, etc | Australia : |
| Nombre del editor, productor, distribuidor, etc | National Library of Australia , |
| Fecha de producción, publicación, distribución, copyright | ©2002 |
| 300 ## - DESCRIPCIÓN FÍSICA | |
| Extensión | 16 páginas : |
| Otros detalles físicos | Fotografías a color ; |
| Dimensiones | 21 cm. |
| 520 3# - RESUMEN, ETC. | |
| Resumen,etc. | The fish bowl.<br/>What can you see in the fish bowl?<br/>What can the fish see? |
| 650 14 - TÉRMINO DE MATERIA | |
| 9 (RLIN) | 43366 |
| subdivision Geografica | Australia |
| 650 24 - TÉRMINO DE MATERIA | |
| 9 (RLIN) | 43367 |
| 700 ## - AUTOR SECUNDARIO - PERSONA | |
| Nombre de persona | Croser, Nigel, |
| 9 (RLIN) | 43368 |
| Withdrawn status | Lost status | Damaged status | Not for loan | Home library | Current library | Shelving location | Date acquired | Source of acquisition | Total Checkouts | Full call number | Barcode | Date last seen | Date last checked out | Copy number | Price effective from | Koha item type |
|---|---|---|---|---|---|---|---|---|---|---|---|---|---|---|---|---|
| Biblioteca Pública José María del Castillo y Rada | Biblioteca Pública José María del Castillo y Rada | Children's Area | 11/11/2021 | Donación | 3 | C CROt | 201811363 | 11/26/2025 | 11/26/2025 | Ej.1 | 02/12/2024 | Books |